000 00289nam a22001217a 4500
008 181206b xxu||||| |||| 00| 0 eng d
041 _aeng
080 _24th
_a541
100 _a12
101 _aKIM
245 _aLaboratory Practice of Organic Chemistry
_cRoberston,G.R
942 _2udc
_cBK
999 _c52940
_d52940